Suurimmat aurinkovoiman tuottajavaltiot - Statistics

Yleistilastot
  • Tätä visaa on pelattu 36 kertaa
  • Keskiarvotulos 17 / 25
Vastaustilastot
Kokonais-
tuotanto (MW)
Osuus sähkön-
kulutuksesta
Valtio % Oikein
306973 6,2 % Kiina
100%
95209 3,4 % Yhdysvallat
100%
22698 8,3 % Italia
96%
58461 9,7 % Saksa
96%
13708 2,5 % Brasilia
92%
14718 2,8 % Ranska
92%
15952 9,0 % Espanja
88%
7040 3,2 % Meksiko
88%
3630 0,7 % Kanada
84%
3530 9,3 % Kreikka
80%
7817 5,9 % Turkki
80%
13689 4,0 % Yhdistynyt Kuningaskunta
80%
74191 8,3 % Japani
76%
6257 Puola
76%
19076 10,7 % Australia
72%
49,684 6,5 % Intia
72%
6585 6,6 % Belgia
56%
4468 9,1 % Chile
52%
3655 5,8 % Sveitsi
52%
18161 3,8 % Etelä-Korea
48%
6221 2,0 % Etelä-Afrikka
44%
8062 5,0 % Ukraina
40%
14249 8,9 % Hollanti
32%
7700 Taiwan
20%
16660 Vietnam
20%
Ehtoja vastaavia visoja ei löytynyt
Tulosjakauma
Jokaisen tuloksen saaneiden osuus
Persentiili vastausten määrän mukaan
Tuloshistoriasi
Et ole pelannut tätä visaa